Versailles /
| Main Author: | |
|---|---|
| Format: | Book |
| Language: | English |
| Published: |
Boston :
Houghton Mifflin,
2002.
|
| Subjects: | |
| Online Access: | Sample text Publisher description Contributor biographical information |
| Classic Catalogue: | View this record in Classic Catalogue |
| LEADER | 01582cam a2200361 a 4500 | ||
|---|---|---|---|
| 001 | 28820 | ||
| 003 | BD-DhAAL | ||
| 005 | 20150110112441.0 | ||
| 008 | 150110s2002 mau 000 1 eng d | ||
| 010 | |a 2002510048 | ||
| 020 | |a 0618221360 | ||
| 035 | |a (OCoLC)ocm50200855 | ||
| 040 | |a APL |c APL |d DLC |d BD-DhAAL | ||
| 042 | |a lccopycat | ||
| 043 | |a e-fr--- | ||
| 050 | 0 | 0 | |a PS3554.A934923 |b V47 2002 |
| 082 | 0 | 0 | |a 813/.54 |2 21 |
| 100 | 1 | |a Davis, Kathryn, |d 1946- |9 7286 | |
| 245 | 1 | 0 | |a Versailles / |c Kathryn Davis. |
| 260 | |a Boston : |b Houghton Mifflin, |c 2002. | ||
| 300 | |a 206 p. ; |c 20 cm. | ||
| 600 | 0 | 0 | |a Marie Antoinette |c Queen, consort of Louis XVI, King of France, |d 1755-1793 |v Fiction. |9 7287 |
| 610 | 2 | 0 | |a Château de Versailles (Versailles, France) |v Fiction. |9 7288 |
| 650 | 0 | |a Queens |v Fiction. |9 7289 | |
| 651 | 0 | |a France |x History |y Louis XVI, 1774-1793 |v Fiction. |9 7290 | |
| 651 | 0 | |a Versailles (France) |v Fiction. |9 7291 | |
| 655 | 7 | |a Biographical fiction. |2 gsafd |9 7210 | |
| 856 | 4 | 1 | |3 Sample text |u http://www.loc.gov/catdir/samples/hm051/2002510048.html |
| 856 | 4 | 2 | |3 Publisher description |u http://www.loc.gov/catdir/description/hm022/2002510048.html |
| 856 | 4 | 2 | |3 Contributor biographical information |u http://www.loc.gov/catdir/enhancements/fy0736/2002510048-b.html |
| 942 | |2 ddc |c BK | ||
| 999 | |c 33441 |d 33441 | ||
| 952 | |0 0 |1 0 |2 ddc |4 0 |6 813_540000000000000_DAV |7 0 |9 44700 |a BRACUL |b BRACUL |c GEN |d 2015-01-10 |e BRAC Institute of Language (BIL) |l 11 |m 95 |o 813.54 DAV |p 3010028820 |q 2026-06-02 |r 2026-04-09 |s 2026-04-09 |t 1 |w 2015-01-10 |y BK |x Transferred from BIL to BRACUL on 06/06/22 | ||